Statistics for Cropped Flags #1

Click here to take the quiz!

General Stats

  • This quiz has been taken 26 times
  • The average score is 20 of 20

Answer Stats

Answer% Correct
Australia
100%
Brazil
100%
Canada
100%
China
100%
France
100%
Ireland
100%
Israel
100%
Italy
100%
Jamaica
100%
Japan
100%
Norway
100%
Russia
100%
South Africa
100%
Sweden
100%
United Kingdom
100%
United States
100%
Greece
92%
Iran
92%
Netherlands
92%
Mexico
88%

Score Distribution

Percentile by Number Answered

Percent of People with Each Score

Your Score History

You have not taken this quiz